| 000 | 00554nam a2200205 4500 | ||
|---|---|---|---|
| 001 | 126979 | ||
| 003 | ES-MaACL | ||
| 005 | 20230906192922.0 | ||
| 007 | t| | ||
| 008 | 070214s1957 sp r ||||1| cat d | ||
| 100 | 1 |
_aRibera, Antonio. _996769 |
|
| 245 | 1 | 0 |
_aCoral de sang / _cAntoni Ribera. |
| 250 | _a1ª ed. | ||
| 260 |
_aBarcelona : _bAlbertí, _c1957. |
||
| 300 |
_a130 p. ; _c16 cm. |
||
| 490 | 1 |
_aNova Col. Lletres ; _v28 |
|
| 830 | 0 |
_aNova Col. Lletres ; _v28 _9181453 |
|
| 852 |
_aES-MaACL _jC-13535 _bR.40969 |
||
| 999 |
_c126979 _d126979 |
||